00227nam a2200097Ia 4500008004100000041000800041100001600049245003000065260001600095365001800111240703s9999 xx 000 0 und d aeng aChakraborty aSocial Network Analysis  bWiley India cRS.b 889.00